=LDR 00000nam 2200000 4500 =001 INLIS000000000045334 =005 20150120101454.0 =006 =007 =008 =020 ##$$a 979-9408-89-x =035 ##$$0010-011500000000160 =040 ##$$a NBPDMAT =082 ##$$a 633.84 =084 ##$$a 633.84 Har =090 ##$$a 633.84 Har b =100 ##$$a Harwimuka =245 ##$$a Budidaya Cabai Merah =250 ##$$a Cet. 4 =260 ##$$a Surabaya $b Insan Cendekia =300 ##$$a vi, 66 hlm, 24cm =440 ##$$a Budidaya Cabai Merah =650 ##$$a Cabai Merah =850 ##$$a NBPDMAT =990 ##$$a 2090100523/BPAP-NTB/2015 =990 ##$$a 2090100524/BPAP-NTB/2015 =990 ##$$a 75157515 =990 ##$$a 0001/BPAP-NTB/20142015 =990 ##$$a 2090100523/BPAP-NTB/2015 =990 ##$$a 2090100524/BPAP-NTB/2015 =990 ##$$a 01201807515